Kürt meselesi (Record no. 13493)

MARC details
000 -BAŞLIK
Sabit Uzunlukta Kontrol Alanı 00797na a2200265 4500
999 ## - SİSTEM KONTROL NUMARALARI (KOHA)
Koha Biblionumber 13493
Koha Biblioitemnumber 13493
001 - KONTROL NUMARASI
Denetim Alanı 24610
003 - KONTROL NUMARASI IDENTIFIER
Denetim Alanı MIRAKIL
005 - SON İŞLEM TARİHİ VE ZAMANI
Denetim Alanı 20190919161816.0
008 - SABİT-BOY VERİ ELEMANLARI - GENEL BİLGİLER
Sabit Uzunlukta Kontrol Alanı 181218b tu 000 0
020 ## - ULUSLARARASI STANDART KİTAP NUMARASI
Uluslararası Standart Kitap Numarası 9757369314
040 ## - KATALOGLAMA KAYNAK
Orijinal Kataloglama Ajansı TR-AnCHP
Metne Dönüştürmek Ajansı TR-AnCHP
041 ## - DİL KODU
Metin / Ses Parça Veya Ayrı Başlığın Dil Kodu tur
082 ## - DEWEY ONLU SINIFLANDIRMA NUMARASI
Sınıflandırma Numarası 323.1191590561
Ürün Numarası K26k 1994
090 ## - SINIFLAMA NUMARASI
Sınıflama Numarası 323.1191590561 K26k 1994
100 ## - ANA GİRİŞ - KİŞİSEL İSİM
Kişisel Ad Karabekir, Kazım
245 ## - BAŞLIK TABLOSU
Başlık Kürt meselesi
Sorumluluk Tablosu, Vb Kazım Karabekir ; yayına hazırlayan Faruk Özerengin
260 ## - YAYIN, DAĞITIM, VB
Yayın, Dağıtım, Vb Yeri İstanbul
Yayıncı, Dağıtıcı, Vs Adı Emre yayınları
Yayın, Dağıtım, Vb Tarihi 1994
Üretici Firma Oğul Matbaacılık
300 ## - FİZİKSEL TANIM
Kapsam 294 s.
Boyutlar 19 sm.
440 ## - SERİSİ TABLOSU / KATMA GİRİŞİ - BAŞLIK
Başlık Emre Yayınları
Hacim / Ardışık Tanımı 32
490 ## - SERİSİ TABLOSU
Seri Beyanı Yakın tarih serisi
Hacim / Ardışık Tanımı 20
650 ## - KONU KATMA GİRİŞ - TOPİKAL DÖNEM
Topikal Süreli Veya Coğrafi Ad Giriş Elemanı Kürt Sorunu
Genel Alt Bölümü Tarih
Coğrafi Alt Bölümü Türkiye
650 ## - KONU KATMA GİRİŞ - TOPİKAL DÖNEM
Topikal Süreli Veya Coğrafi Ad Giriş Elemanı Türkiye
Genel Alt Bölümü Kürt sorunu
700 ## - KATMA GİRİŞ - KİŞİSEL İSİM
Kişisel Ad Özerengin, Faruk
Relator Terim yay. haz.
942 ## - EKLENDİ GİRİŞ ELEMANLARI (KOHA)
Sınıflandırma Veya Raf Düzeni Kaynak Dewey Decimal Classification
Koha Öğesi Türü Books
Holdings
Kalıcı Konum Mevcut Konum Edinme Tarihi Toplam Check-Out'Lar Tam Çağrı Numarası Barkod Tarih Son Görülme İtibaren Geçerli Fiyatlar Sigara Kamu Notu Koha Öğesi Türü
Parti Okulu Kütüphanesi Parti Okulu Kütüphanesi 09/19/2019   323.1191590561 K26k 1994 P00565 09/19/2019 09/19/2019 Ertuğrul Çepni bağışıdır. Books